000 00547nam a22001817a 4500
003 koha_MIRAKIL
005 20231213100352.0
008 231213b |||||||| |||| 00| 0 ||| d
020 _b978-6-05-374650-8
040 _aTR-IsEVY
_btur
_cTR-IsEVY
082 _aFIC ŞAH/B
100 _aŞahin, Serap
245 0 _aBeyazlar ülkesi'nin kahramanları
260 _bFinal Kültür-Sanat Yayınları,
_c2016
300 _a126 s.
650 _aYoung adults' literature -- Gençlik edebiyatı -- Turkish fiction -- Türk romanı
942 _2ddc
_cBK
999 _c18843
_d18843